|
|
|
|
| LEADER |
00000nam a2200000 a 4500 |
| 001 |
vtls001519208 |
| 003 |
SK-MaSNL |
| 005 |
20260302073908.0 |
| 008 |
240314s2004 xo l f f 000 0 slo |
| 015 |
|
|
|a SNBA2005/11-04770
|
| 020 |
|
|
|a 809685092X
|
| 035 |
|
|
|a 140447F5-8DE7-4132-9C57-3E6B93AC1962
|
| 035 |
|
|
|a urn:nbn:sk:snk-amygna
|
| 035 |
|
|
|a urn:nbn:sk:snk-am00ck00
|
| 040 |
|
|
|a SNK
|b slo
|c SNK
|e AACR2
|
| 041 |
0 |
|
|a slo
|
| 044 |
|
|
|a xo
|c SK
|
| 072 |
|
7 |
|a 621.3
|x Elektrotechnika
|2 konspekt
|
| 080 |
|
|
|a 621.3-1
|2 MDT-MRF
|
| 080 |
|
|
|a 331.45
|2 MDT-MRF
|
| 080 |
|
|
|a (035)
|2 MDT-MRF
|
| 080 |
|
|
|a 621.3
|2 MDT-MRF
|
| 100 |
1 |
|
|a Meravý, Ján
|c (elektrotechnik)
|4 aut
|9 183571
|
| 245 |
1 |
0 |
|a Elektrotechnická spôsobilosť pre elektrikárov
|c Ján Meravý, Karel Kocman
|
| 250 |
|
|
|a 1. vyd.
|
| 260 |
|
|
|a Trenčín
|b Lichtning
|c 2004
|
| 300 |
|
|
|a 283 s.
|c 30 cm
|
| 650 |
0 |
7 |
|a elektrotechnika
|2 SNKPH
|9 3619
|
| 650 |
0 |
7 |
|a elektrické zariadenia
|2 SNKPH
|9 3916
|
| 650 |
0 |
7 |
|a bezpečnosť práce
|2 SNKPH
|9 1296
|
| 655 |
|
7 |
|a príručky
|2 SNKPH
|9 74364
|
| 700 |
1 |
|
|a Kocman, Karel,
|d 1937-
|4 aut
|9 214385
|
| 700 |
1 |
|
|a Klobušický, Ľubomír
|4 bjd
|9 738872
|
| 919 |
|
|
|a 80-968509-2-X
|
| 958 |
|
|
|a OND
|
| 968 |
|
|
|d 62
|
| 999 |
|
|
|c 1162775
|d 1164705
|
| 952 |
|
|
|a SNK
|b SNK
|y PREZ
|7 0
|p 17A0461386
|o snkSB 70195
|i snk2005/4584
|8 0
|0 0
|1 0
|4 0
|d 2005-03-23
|f 1
|l 0
|r 2025-04-25 00:00:00
|w 2026-02-24
|
| 952 |
|
|
|a SNK
|b SNK
|y VYP
|7 0
|p 17A0461387
|o snkSB 70195 D1
|i snk2005/4587
|8 0
|0 0
|1 0
|4 0
|d 2005-03-23
|l 0
|r 2016-06-30 00:00:00
|w 2026-02-24
|